000 00350pam a2200145a 44500
008 230405s2011 xxu||||| |||| 00| 0 eng d
041 _aENG
100 _aGULATI R.R
245 _aMONOCHROME & COLOUR TELEVISION
260 _aNEW DELHI
_bNEW AGE INTERNATIONAL PUB
_c2011
300 _aP.B,886
650 _aE&TC
690 _aE&TC
906 _a3062
999 _c817257
_d817257